Learning Resource and Development

Organization development : (Record no. 28590)

MARC details
000 -LEADER
fixed length control field 01609nam a2200277 i 4500
003 - CONTROL NUMBER IDENTIFIER
control field CSPC
005 - DATE AND TIME OF LATEST TRANSACTION
control field 20241217160447.0
008 - FIXED-LENGTH DATA ELEMENTS--GENERAL INFORMATION
fixed length control field 241217s2020 cau b 001 0 eng d
020 ## - INTERNATIONAL STANDARD BOOK NUMBER
International Standard Book Number 9781544372235
040 ## - CATALOGING SOURCE
Transcribing agency CSPC
Original cataloging agency CSPC
Language of cataloging eng
Description conventions rda
050 00 - LIBRARY OF CONGRESS CALL NUMBER
Classification number HD58.8
Item number .A68144 2020
082 00 - DEWEY DECIMAL CLASSIFICATION NUMBER
Classification number 658.406
Item number An231o
Edition number 23
100 1# - MAIN ENTRY--PERSONAL NAME
Personal name Anderson, Donald L.,
Relator term author.
245 10 - TITLE STATEMENT
Title Organization development :
Remainder of title the process of leading organizational change /
Statement of responsibility, etc. Donald L. Anderson.
250 ## - EDITION STATEMENT
Edition statement Fifth edition.
264 #1 - PRODUCTION, PUBLICATION, DISTRIBUTION, MANUFACTURE, AND COPYRIGHT NOTICE
Place of production, publication, distribution, manufacture Los Angeles :
Name of producer, publisher, distributor, manufacturer SAGE,
Date of production, publication, distribution, manufacture, or copyright notice 2020.
300 ## - PHYSICAL DESCRIPTION
Extent xix, 480 pages ;
Dimensions 26 cm.
336 ## - CONTENT TYPE
Content type term text
Source rdacontent
337 ## - MEDIA TYPE
Media type term unmediated
Source rdamedia
338 ## - CARRIER TYPE
Carrier type term volume
Source rdacarrier
504 ## - BIBLIOGRAPHY, ETC. NOTE
Bibliography, etc. note Includes bibliographical references and index.
505 0# - FORMATTED CONTENTS NOTE
Formatted contents note What is organization development -- History of organization development -- Core values and ethics of organization development -- Foundations of organizational change -- The organization development practitioner and the OD process -- Entry and contracting -- Data gathering -- Diagnosis and feedback -- An introduction to interventions -- Individual interventions -- Team interventions -- Whole organization and multiple organization interventions -- Organization culture and design interventions -- Sustaining change, evaluating and ending an engagement -- Global issues in organization development -- The future of organization development.
650 #0 - SUBJECT ADDED ENTRY--TOPICAL TERM
Topical term or geographic name entry element Organizational change.
942 ## - ADDED ENTRY ELEMENTS (KOHA)
Source of classification or shelving scheme Dewey Decimal Classification
Suppress in OPAC No
Koha item type Books
Classification part 658.406
Call number prefix CIR
Call number suffix 2020
Edition 23
Holdings
Withdrawn status Lost status Source of classification or shelving scheme Damaged status Not for loan Home library Current library Shelving location Date acquired Total Checkouts Full call number Barcode Date last seen Copy number Price effective from Koha item type
    Dewey Decimal Classification     Main Library Main Library Circulation Section 12/17/2024   CIR 658.406 An231o 2020 028622 12/17/2024 1-1 12/17/2024 Books